|
|
|
|
| LEADER |
01016nam a2200325 4500 |
| 001 |
DLU090092701 |
| 005 |
##20091201 |
| 040 |
# |
# |
|a DLU
|b eng
|
| 041 |
# |
# |
|a eng
|
| 044 |
# |
# |
|a us
|
| 245 |
# |
# |
|a Does virus-induced lysis contribute significantly to bacterial mortality in the oxygenated sediment layer of shallow oxbow lakes ? /
|c Ulrike R. Fischer ... [et al.].
|
| 653 |
# |
# |
|a Bacteria
|
| 653 |
# |
# |
|a Lysis
|
| 653 |
# |
# |
|a Mortality
|
| 653 |
# |
# |
|a Sediments
|
| 653 |
# |
# |
|a Virus
|
| 700 |
# |
# |
|a Fischer, Ulrike R.
|
| 700 |
# |
# |
|a Kirschner, Alexander K. T.
|
| 700 |
# |
# |
|a Velimirov, Branko.
|
| 700 |
# |
# |
|a Wieltschnig, Claudia.
|
| 773 |
# |
# |
|t Applied and Environmental Microbiology
|g Vol. 69, no. 9 (September 2003), p. 5281-5289
|
| 920 |
# |
# |
|a Phòng Tạp chí -- Trung tâm Thông tin - Thư viện Trường Đại học Đà Lạt
|
| 994 |
# |
# |
|a DLU
|
| 900 |
# |
# |
|a True
|
| 911 |
# |
# |
|a Trương Bảo Trâm Anh
|
| 925 |
# |
# |
|a G
|
| 926 |
# |
# |
|a A
|
| 927 |
# |
# |
|a BB
|
| 980 |
# |
# |
|a Thư viện Trường Đại học Đà Lạt
|